[Event "GER-chT Betriebe 15th"]
[Site "Munich"]
[Date "2015.10.23"]
[Round "6.4"]
[White "Warnest, Stefan"]
[Black "Nitsch, Norbert"]
[Result "0-1"]
[WhiteElo "1507"]
[BlackElo "1764"]
[PlyCount "186"]
[EventDate "2015.10.22"]
[EventType "team-swiss"]
[EventRounds "7"]
[EventCountry "GER"]
[SourceTitle "EXT 2020"]
[Source "ChessBase"]
[SourceDate "2019.10.17"]
[SourceVersion "1"]
[SourceVersionDate "2019.10.17"]
[SourceQuality "1"]
[WhiteTeam "Berlin Tempelhof II"]
[BlackTeam "Stuttgart Wuestenrot&Wuertt"]
[WhiteTeamCountry "GER"]
[BlackTeamCountry "GER"]

1. e4 c5 2. Nf3 d6 3. d4 cxd4 4. Nxd4 Nc6 5. Nxc6 bxc6 6. Nc3 g6 7. Bc4 Bg7 8. Qf3 e6 9. 0-0 Ne7 10. Bg5 Rb8 11. Rab1 Qc7 12. Bf6 0-0 13. Bxg7 Kxg7 14. Ne2 d5 15. exd5 exd5 16. Qc3+ Kg8 17. Bb3 Bd7 18. Rfe1 Qd6 19. Rbd1 Rfe8 20. Qg3 Qb4 21. c3 Qb6 22. Qd6 Rbd8 23. Nd4 Bg4 24. Qf6 Bxd1 25. Rxd1 c5 26. Qxb6 axb6 27. Nf3 Rd6 28. Re1 Kf8 29. Ba4 Red8 30. g4 h6 31. h4 Nc6 32. b3 Na7 33. b4 c4 34. Nd4 Rb8 35. b5 Nc8 36. Bc2 Ra8 37. a4 Ne7 38. f3 f6 39. Ne6+ Kf7 40. Nd4 Rb8 41. Kg2 h5 42. g5 fxg5 43. hxg5 Rg8 44. f4 Rf8 45. Kg3 Ke8 46. Nc6 Rf7 47. Nd4 Kd7 48. Nf3 Nf5+ 49. Bxf5+ Rxf5 50. Ne5+ Kc7 51. Nc6 Rf7 52. Re8 Rg7 53. Ra8 Rdd7 54. a5 bxa5 55. Rxa5 Kb6 56. Kf3 Rc7 57. Ra8 Kxb5 58. Nd4+ Kb6 59. Ne6 Ra7 60. Rb8+ Rab7 61. Rd8 Rgd7 62. Rg8 Rd6 63. Nd4 Rf7 64. Rb8+ Kc7 65. Rg8 Kd7 66. Ra8 Ke7 67. Ra7+ Kf8 68. Ra8+ Kg7 69. Re8 Rdd7 70. Ne6+ Kh7 71. Nf8+ Rxf8 72. Rxf8 d4 73. cxd4 Rxd4 74. Rc8 Rd3+ 75. Ke4 Rc3 76. Rc7+ Kg8 77. Rc6 Kf7 78. Rf6+ Kg7 79. Rc6 Rc1 80. Ke3 c3 81. Rc7+ Kf8 82. f5 Rg1 83. f6 Rxg5 84. Kd3 Rf5 85. Kxc3 Rxf6 86. Kd4 Re6 87. Kd5 Re7 88. Rc1 Kg7 89. Kd6 Re2 90. Rf1 g5 91. Kd5 Kg6 92. Kd4 h4 93. Kd3 Re8 0-1